000 01272nam a2200337 a 4500
001 ebr10432014
003 CaPaEBR
006 m u
007 cr cn|||||||||
008 050815s2005 tnua sb 000 0 eng d
010 _z 2005023658
020 _z0687331714
020 _z9780687331710
020 _z9780687497980 (e-book)
040 _aCaPaEBR
_cCaPaEBR
035 _a(OCoLC)712995670
050 1 4 _aBV4223
_b.E83 2005eb
082 0 4 _a251/.02
_222
100 1 _aEscobedo-Frank, Dottie.
245 1 0 _aSermon seeds
_h[electronic resource] /
_cDottie Escobedo-Frank.
246 1 4 _aSermon seeds :
_b40 creative sermon starters
260 _aNashville :
_bAbingdon Press,
_cc2005.
300 _a160 p. :
_bill.
504 _aIncludes bibliographical references (p. 158-160).
533 _aElectronic reproduction.
_bPalo Alto, Calif. :
_cebrary,
_d2013.
_nAvailable via World Wide Web.
_nAccess may be limited to ebrary affiliated libraries.
630 0 0 _aBible
_xSermons
_vOutlines, syllabi, etc.
650 0 _aSermons
_vOutlines, syllabi, etc.
655 7 _aElectronic books.
_2local
710 2 _aebrary, Inc.
856 4 0 _uhttp://site.ebrary.com/lib/rucke/Doc?id=10432014
_zAn electronic book accessible through the World Wide Web; click to view
999 _c146280
_d146280